| 000 | 00831nam a22002297a 4500 | ||
|---|---|---|---|
| 999 |
_c15787 _d15787 |
||
| 003 | MIRAKIL | ||
| 005 | 20240326114616.0 | ||
| 008 | 240326b tu ||||| |||| 00| 0 tur d | ||
| 020 | _a9789751746290 | ||
| 040 |
_aTR-AnCHP _cTR-AnCHP |
||
| 041 | _atur | ||
| 082 |
_a417.3 _bS36e 2020 |
||
| 100 | _aSert, Göksel | ||
| 245 | 1 | 0 |
_aEskişehir İli yörük ağızları : _b(dil incelemesi - metinler - sözlük) / _cGöksel Sert |
| 260 |
_aAnkara : _bTürk Dil Kurumu Yayınları, _c2020. |
||
| 300 |
_a446 sayfa : _bharita, tablo ; _c24 cm. |
||
| 490 | 0 |
_aAtatürk Kültür, Dil ve Tarih Yüksek Kurumu Türk Dil Kurumu yayınları ; _v1355. |
|
| 504 | _aKaynakça: 439-444. sayfa | ||
| 650 | 0 |
_97753 _aAğızlar |
|
| 856 | _zDijital Nüshası için Partimizin Kütüphane Sorumlusu ile iletişime geçiniz. | ||
| 942 |
_2ddc _cBKS |
||